[Event "ICS Rated blitz match"]
[Site "204.178.125.65"]
[Date "1999.08.06"]
[Round "?"]
[White "Hossa"]
[Black "Talmoves"]
[Result "1-0"]
[WhiteElo "2471"]
[BlackElo "2651"]
[PlyCount "269"]
[EventDate "1999.??.??"]

1. d4 Nf6 2. c4 e6 3. Nc3 Bb4 4. Bg5 h6 5. Bh4 c5 6. d5 d6 7. Rc1 e5 8. f3 Nbd7
9. e4 Nb6 10. Bd3 Bd7 11. Nge2 g5 12. Bf2 g4 13. fxg4 Nxg4 14. O-O Qg5 15. a3
Bxc3 16. Nxc3 Ne3 17. Bxe3 Qxe3+ 18. Kh1 Rh7 19. Rf3 Qg5 20. Rg3 Qh4 21. Rg8+
Ke7 22. Rxa8 Nxa8 23. b4 cxb4 24. axb4 Qf2 25. Rc2 Qd4 26. Qf3 Nc7 27. Rc1 a6
28. Qg3 Kf8 29. Ne2 Qb2 30. Rf1 Qxb4 31. Qg6 Rg7 32. Qxh6 Kg8 33. Qh4 Qd2 34.
Qd8+ Be8 35. Qxc7 Qxd3 36. Rf2 Qd2 37. g3 Qe3 38. Kg1 Qxe4 39. Qd8 Qb1+ 40. Rf1
Qd3 41. Qxe8+ Kh7 42. Rxf7 Qxe2 43. Rxg7+ Kxg7 44. Qd7+ Kg8 45. Qc8+ Kg7 46.
Qc7+ Kg8 47. Qb8+ Kf7 48. Qxb7+ Kf6 49. Qb6 Kg5 50. Qd8+ Kf5 51. Qf8+ Ke4 52.
Qf1 Qe3+ 53. Kg2 Qd2+ 54. Qf2 Qd3 55. Qe1+ Kd4 56. Qa1+ Ke4 57. Qc1 Kd4 58. h4
Qe2+ 59. Kh3 Qf3 60. Qa1+ Kc5 61. Qxa6 Qh1+ 62. Kg4 Qe4+ 63. Kg5 Qe3+ 64. Kf5
Qd3+ 65. Ke6 Qg6+ 66. Kd7 Qf7+ 67. Kd8 Qf8+ 68. Kc7 Qe7+ 69. Kb8 Qd8+ 70. Qc8+
Qxc8+ 71. Kxc8 e4 72. h5 e3 73. h6 e2 74. h7 e1=Q 75. h8=Q Kxc4 76. g4 Kxd5 77.
Qh5+ Qe5 78. g5 Qf5+ 79. Kd8 Kd4 80. Qd1+ Kc5 81. Qg1+ Kd5 82. Qe3 Qf8+ 83. Kd7
Qf5+ 84. Ke7 Qh7+ 85. Ke8 Qg8+ 86. Kd7 Qh7+ 87. Qe7 Qh3+ 88. Ke8 Qh8+ 89. Kf7
Qh7+ 90. Kf6 Qh8+ 91. Qg7 Qd8+ 92. Kg6 Ke4 93. Qf7 d5 94. Qe6+ Kd3 95. Qf5+ Ke3
96. Qe5+ Kd3 97. Kf5 d4 98. g6 Qc8+ 99. Kf6 Qf8+ 100. Kg5 Qd8+ 101. Kh6 Kc3
102. Qe1+ Kc2 103. Qf2+ Kc3 104. g7 Qb6+ 105. Kh7 Qb1+ 106. Kg8 Qg6 107. Qf7
Qe4 108. Qf6 Qd5+ 109. Kh7 Qe4+ 110. Qg6 Qh1+ 111. Qh6 Qe4+ 112. Kh8 Qe5 113.
Qc6+ Kb4 114. Qg6 Qh2+ 115. Kg8 Kc3 116. Qc6+ Kd2 117. Qd5 Ke3 118. Kf7 Qc7+
119. Kg6 Qc2+ 120. Kg5 Qc7 121. g8=Q Qg3+ 122. Kf5 Qh3+ 123. Kg6 Qg3+ 124. Qg5+
Qxg5+ 125. Kxg5 d3 126. Qe6+ Kd4 127. Kf5 Kc3 128. Qe3 Kc2 129. Ke4 d2 130.
Qd3+ Kb2 131. Qxd2+ Kb3 132. Kd5 Ka4 133. Qb2 Ka5 134. Kc5 Ka4 135. Qa2# {
Talmoves checkmated} 1-0

[Event "ICS Rated blitz match"]
[Site "204.178.125.65"]
[Date "1999.08.06"]
[Round "?"]
[White "Talmoves"]
[Black "Hossa"]
[Result "1/2-1/2"]
[WhiteElo "2627"]
[BlackElo "2495"]
[Annotator "Fritz 5.32 (15s)"]
[PlyCount "93"]
[EventDate "1999.??.??"]

1. c4 1... c6 {Opening = 2.c3 d5} 2. e4 d5 3. exd5 cxd5 4. d4 Nc6 5. cxd5 Qxd5
6. Nf3 e5 7. Nc3 Bb4 8. Bd2 Bxc3 9. Bxc3 exd4 10. Nxd4 Nf6 11. Nxc6 Qxc6 12.
Bxf6 Qxf6 13. Bb5+ Kf8 14. O-O 14... Be6 $146 (14... g6 15. Bc4 (15. Re1 Be6
16. Rc1 Rd8 17. Qe2 Bxa2 18. Rc3 Bd5 19. Bc4 Kg7 20. Bxd5 Rxd5 21. Rc7 Rhd8 22.
Rxb7 Rd2 23. Qf3 Qxf3 24. gxf3 R8d5 25. b4 Rb2 26. Re4 Rg5+ 27. Kf1 Rf5 28. Kg2
a5 29. f4 29... g5 {Ozsvath,A-Forintos,G/HUN-ch 1954/MCD/ - (50)}) (15. Qe2 Be6
16. Rfd1 Kg7 17. h3 Rhd8 18. b3 Rac8 19. Rxd8 Rxd8 20. Rd1 Rxd1+ 21. Qxd1 Qc3
22. Bf1 a5 23. Qd3 Qxd3 24. Bxd3 Kf6 25. Kf1 Ke5 26. Ke2 Kd4 27. Kd2 h6 28. h4
g5 29. hxg5 hxg5 30. g3 Bd5 31. Bc2 b5 32. Bd3 b4 33. Bc2 a4 34. Bd1 a3 35. Be2
35... Bxb3 {0-1 Erban,D-Pakosta,S/CZE 1997/EXT 98 (35)}) 15... Kg7 16. Qb3 Rd8
17. Rad1 Be6 18. Bxe6 Qxe6 19. Qxe6 fxe6 20. Rfe1 Kf6 21. Kf1 Rac8 22. Rxd8
Rxd8 23. Ke2 Rc8 24. Kd3 Rc5 25. Re4 Rg5 26. Rf4+ Ke7 27. g3 Rd5+ 28. Ke3 Rc5
29. Kd3 Ra5 30. a3 Rd5+ 31. Rd4 Rf5 32. f4 h5 33. Rc4 Rd5+ 34. Ke3 Kf6 35. Rc7
Rb5 36. b4 e5 37. fxe5+ {- Van Wijgerden,C-Glienke,M/Plovdiv 1983/EU-chT (37)})
15. Qd6+ Kg8 16. Qa3 Bd5 17. Rfe1 Bxg2 18. Qe7 {Droht Matt: Qe8} 18... Qxe7 (
18... Qxb2 $4 {vergiftet...} 19. Qe8+ $3 {das kroenende Opfer} 19... Rxe8 20.
Rxe8#) 19. Rxe7 Bd5 20. Rc1 $15 (20. Rd7 Be6 21. Rxb7 21... h5 $14) 20... g6
21. a3 Kg7 22. Rc5 Rhd8 23. Bc4 Kf8 24. Rec7 Bxc4 25. Rxc4 25... Kg7 $11 (25...
b5 $5 26. Rf4 26... f5 $11) 26. Rxb7 a6 27. Rcc7 Rf8 28. b4 Rac8 29. Rxc8 Rxc8
30. Rb6 Ra8 31. a4 g5 32. Kf1 h6 33. Ke2 h5 34. Kd3 g4 35. Rc6 f5 36. Kc4 Rd8
37. Kc3 Ra8 38. Rc5 Kf6 39. Kd4 Kg5 40. Rc6 Kf4 41. Rf6 Rd8+ 42. Kc3 Rc8+ 43.
Kb3 Ra8 44. Kc4 Rc8+ 45. Kb3 Ra8 46. Kc4 Rc8+ 47. Kb3 1/2-1/2

[Event "ICS rated blitz match"]
[Site "164.58.253.13"]
[Date "1999.08.06"]
[Round "?"]
[White "Hossa"]
[Black "CSTal"]
[Result "0-1"]
[WhiteElo "2144"]
[BlackElo "2453"]
[PlyCount "106"]
[EventDate "1999.??.??"]

1. d4 Nf6 2. c4 e6 3. Nc3 Bb4 4. Bg5 h6 5. Bh4 c5 6. dxc5 Nc6 7. Rc1 g5 8. Bg3
Ne4 9. Bd6 Qa5 10. Qc2 Nxc3 11. bxc3 Bxc5 12. Bxc5 Qxc5 13. e4 d5 14. cxd5 exd5
15. h4 gxh4 16. Rxh4 Qe7 17. g3 Bf5 18. Bg2 Bxe4 19. Bxe4 f5 20. Rh5 dxe4 21.
Rxf5 O-O-O 22. Rd1 e3 23. Rxd8+ Rxd8 24. Ne2 exf2+ 25. Rxf2 Kb8 26. Rf3 Ne5 27.
Re3 Qd6 28. Nf4 Ng4 29. Rd3 Re8+ 30. Kd2 Qe7 31. Kc1 Qa3+ 32. Kd2 Ne5 33. Qb3
Qxb3 34. axb3 Nxd3 35. Kxd3 Kc7 36. Nd5+ Kc6 37. c4 b5 38. Kc2 bxc4 39. bxc4
Kc5 40. Kd2 Kxc4 41. Ne3+ Kc5 42. Nf5 h5 43. Nh6 a5 44. g4 a4 45. Kc3 Rb8 46.
Nf5 h4 47. g5 h3 48. Kd2 h2 49. Ng3 a3 50. Ne4+ Kd4 51. Nf2 Rb2+ 52. Kd1 a2 53.
Ne4 53... a1=Q# {Hossa checkmated} 0-1

[Event "ICS Rated blitz match"]
[Site "204.178.125.65"]
[Date "1999.08.06"]
[Round "?"]
[White "Hossa"]
[Black "High-Command"]
[Result "0-1"]
[WhiteElo "2501"]
[BlackElo "2534"]
[PlyCount "97"]
[EventDate "1999.??.??"]

1. d4 Nf6 2. c4 c6 3. Nf3 d5 4. Qc2 g6 5. cxd5 cxd5 6. Qa4+ Nc6 7. Nbd2 Bd7 8.
Qb3 Bg7 9. e3 O-O 10. Bd3 Qa5 11. a3 Qc7 12. O-O Rac8 13. Re1 Be6 14. Nb1 Bg4
15. Nbd2 e6 16. e4 dxe4 17. Bxe4 Nxe4 18. Rxe4 Bf5 19. Rh4 g5 20. Rh5 h6 21. d5
exd5 22. Qxd5 Bg4 23. Rxg5 hxg5 24. Qxg5 Bxf3 25. Nxf3 Qd8 26. h3 Nd4 27. Nxd4
Qxg5 28. Bxg5 Bxd4 29. Rd1 Bxb2 30. Rd7 Bxa3 31. Rxb7 a5 32. h4 a4 33. h5 Rc5
34. Be7 Rc1+ 35. Kh2 Bxe7 36. Rxe7 Ra8 37. Re2 a3 38. Ra2 Rb1 39. Kh3 Rb2 40.
Ra1 a2 41. g4 Ra3+ 42. Kh4 Rxf2 43. h6 Rh2+ 44. Kg5 Rf3 45. Rxa2 Rxa2 46. Kh5
Kh7 47. g5 Ra4 48. g6+ fxg6+ 49. Kg5 {Hossa resigns} 0-1

[Event "ICS rated blitz match"]
[Site "204.178.125.65"]
[Date "1999.08.06"]
[Round "?"]
[White "Hossa"]
[Black "VESta"]
[Result "1/2-1/2"]
[WhiteElo "2491"]
[BlackElo "2307"]
[PlyCount "127"]
[EventDate "1999.??.??"]

1. d4 d5 2. c4 c6 3. Nc3 Nf6 4. cxd5 cxd5 5. Bf4 Nc6 6. e3 a6 7. Bd3 Bg4 8.
Nge2 e6 9. Rc1 Bd6 10. Qd2 Bxe2 11. Nxe2 Bxf4 12. Nxf4 O-O 13. O-O Qd6 14. Rc3
Rfc8 15. Rfc1 Ne7 16. a3 Rxc3 17. Qxc3 Qd7 18. Qd2 Rc8 19. Rxc8+ Qxc8 20. Qd1
Qc6 21. Bb1 b5 22. Bd3 Nc8 23. Nh3 Nd6 24. Ng5 h6 25. Nf3 Nc4 26. Qe2 Nd7 27.
e4 dxe4 28. Bxe4 Qd6 29. Bb7 a5 30. a4 Qb4 31. Bc6 Ndb6 32. axb5 Nxb2 33. Qe5
N6c4 34. Qb8+ Kh7 35. g3 a4 36. d5 exd5 37. Bxd5 Nd6 38. Bc6 a3 39. Qa7 Na4 40.
Bd5 Nc3 41. Bxf7 Nxf7 42. Qxf7 Qxb5 43. Kg2 a2 44. Nd4 Qd5+ 45. Qxd5 Nxd5 46.
Nb3 Kg6 47. Kg1 Kf5 48. f3 Ke5 49. h4 Nc3 50. Kf2 Kd5 51. Na1 Kc4 52. Ke1 Kd3
53. g4 Ke3 54. g5 hxg5 55. hxg5 Kxf3 56. Kd2 Ne4+ 57. Kc1 Nxg5 58. Kb2 Ne4 59.
Kxa2 g5 60. Nc2 g4 61. Nd4+ Kf2 62. Nf5 Ng3 63. Nh6 Kf3 64. Nxg4 {
Game drawn because neither player has mating material} 1/2-1/2

[Event "ICS rated blitz match"]
[Site "204.178.125.65"]
[Date "1999.08.06"]
[Round "?"]
[White "mounaki"]
[Black "Hossa"]
[Result "0-1"]
[WhiteElo "2255"]
[BlackElo "2483"]
[PlyCount "60"]
[EventDate "1999.??.??"]

1. e4 c5 2. Nf3 e6 3. d3 d5 4. Nbd2 Nc6 5. g3 Bd6 6. Bg2 Nge7 7. O-O O-O 8. Nh4
f5 9. f4 fxe4 10. dxe4 b6 11. e5 Bc7 12. Nhf3 Nf5 13. Re1 Bb7 14. c3 Qe8 15.
Nf1 Qg6 16. Ne3 Nxe3 17. Bxe3 a5 18. a4 Rad8 19. Qe2 d4 20. cxd4 cxd4 21. Bf2
d3 22. Qd2 Qf7 23. Rad1 Qd7 24. Ng5 h6 25. Ne4 Ba8 26. Nc3 Nb4 27. Nb5 Bxg2 28.
Kxg2 Nc2 29. Rf1 Bb8 30. Bxb6 30... Qb7+ {mounaki resigns} 0-1

[Event "ICS rated blitz match"]
[Site "204.178.125.65"]
[Date "1999.08.06"]
[Round "?"]
[White "Hossa"]
[Black "libertad"]
[Result "1/2-1/2"]
[WhiteElo "2485"]
[BlackElo "2203"]
[PlyCount "150"]
[EventDate "1999.??.??"]

1. e4 c6 2. d4 d5 3. Nc3 dxe4 4. Nxe4 Nd7 5. c3 Ngf6 6. Bd3 Nxe4 7. Bxe4 e5 8.
dxe5 Nxe5 9. Qxd8+ Kxd8 10. Bf4 Bd6 11. Ne2 Kc7 12. O-O Bd7 13. Rad1 Rae8 14.
Rfe1 Nc4 15. Bxd6+ Nxd6 16. Bd3 Bf5 17. Bxf5 Nxf5 18. g4 Nh4 19. Rd3 Ng6 20.
Rd4 c5 21. Rd3 h5 22. gxh5 Rxh5 23. Rf3 Ne5 24. Re3 Rg5+ 25. Ng3 Nf3+ 26. Kf1
Rge5 27. Rxe5 Rxe5 28. Rxe5 Nxe5 29. Ke2 c4 30. b4 cxb3 31. axb3 Kc6 32. f4 Ng4
33. h4 Nf6 34. Nf5 g6 35. Nh6 Nd5 36. Nxf7 Nxc3+ 37. Kd3 Nd5 38. Ne5+ Kc5 39.
Nxg6 Kb4 40. Ke4 Nf6+ 41. Ke5 Nh7 42. Ke6 a5 43. Ne5 Kxb3 44. Nd7 b5 45. Kf7 a4
46. Kg7 a3 47. Kxh7 a2 48. h5 a1=Q 49. Kg6 Qa6+ 50. Nf6 b4 51. h6 Qd3+ 52. f5
Qh3 53. h7 Kc2 54. Kg7 b3 55. h8=Q Qxh8+ 56. Kxh8 b2 57. Nd5 b1=Q 58. f6 Qh1+
59. Kg8 Qxd5+ 60. f7 Qe6 61. Kg7 Qe7 62. Kg8 Qg5+ 63. Kf8 Kd3 64. Ke8 Qe5+ 65.
Kf8 Kd4 66. Kg8 Qg5+ 67. Kh8 Qf6+ 68. Kg8 Qg6+ 69. Kh8 Qh5+ 70. Kg8 Qg5+ 71.
Kh8 Qh6+ 72. Kg8 Qg6+ 73. Kh8 Ke5 74. f8=Q Qf6+ 75. Qxf6+ 75... Kxf6 {
Game drawn because neither player has mating material} 1/2-1/2

[Event "ICS rated blitz match"]
[Site "204.178.125.65"]
[Date "1999.08.06"]
[Round "?"]
[White "libertad"]
[Black "Hossa"]
[Result "1-0"]
[WhiteElo "2214"]
[BlackElo "2474"]
[PlyCount "72"]
[EventDate "1999.??.??"]

1. e4 c5 2. c3 Nf6 3. e5 Nd5 4. d4 cxd4 5. cxd4 Qa5+ 6. Bd2 Qb6 7. Nc3 Qxd4 8.
Nf3 Nxc3 9. Bxc3 Qxd1+ 10. Rxd1 d6 11. Bc4 Bg4 12. Bd5 Nc6 13. exd6 exd6 14.
O-O O-O-O 15. Bxf7 Bxf3 16. gxf3 Kc7 17. Kh1 Rd7 18. Be6 Re7 19. Rfe1 b5 20. a3
Re8 21. f4 a5 22. Rc1 Kb6 23. Bd2 Re7 24. Be3+ Kb7 25. Bd5 Rc7 26. Rxc6 Rxc6
27. Rc1 Be7 28. Rxc6 Kb8 29. Rb6+ Kc8 30. Rxb5 Bd8 31. Rb7 g6 32. Ra7 Bf6 33.
Be6+ Kd8 34. Bb6+ Ke8 35. b4 axb4 36. axb4 36... Bb2 {Hossa resigns} 1-0

[Event "ICS rated blitz match"]
[Site "204.178.125.65"]
[Date "1999.08.06"]
[Round "?"]
[White "Hossa"]
[Black "libertad"]
[Result "1-0"]
[WhiteElo "2448"]
[BlackElo "2240"]
[PlyCount "85"]
[EventDate "1999.??.??"]

1. d4 Nf6 2. c4 e6 3. Nc3 Bb4 4. Bg5 h6 5. Bh4 c5 6. d5 Bxc3+ 7. bxc3 e5 8. Nf3
g5 9. Bg3 d6 10. Nd2 Bf5 11. f3 e4 12. Qb1 Bg6 13. Qxb7 Nbd7 14. Bxd6 a5 15.
fxe4 Nxe4 16. Bc7 Qc8 17. Qxc8+ Rxc8 18. Bxa5 Ra8 19. Nxe4 Rxa5 20. Nf2 Ke7 21.
h4 Rha8 22. hxg5 hxg5 23. e4 Rxa2 24. Rxa2 Rxa2 25. Bd3 Ne5 26. Rh3 Kd6 27. Be2
Ra1+ 28. Kd2 Ra2+ 29. Ke3 g4 30. Rh6 g3 31. Nd1 Ke7 32. Rh4 Ra4 33. Rf4 Nxc4+
34. Bxc4 Rxc4 35. e5 Rxf4 36. Kxf4 Bc2 37. Ne3 Bb3 38. c4 f6 39. Nf5+ Kf7 40.
e6+ Kf8 41. d6 Bxc4 42. d7 Bxe6 43. d8=Q+ {libertad resigns} 1-0

[Event "ICS rated blitz match"]
[Site "204.178.125.65"]
[Date "1999.08.06"]
[Round "?"]
[White "libertad"]
[Black "Hossa"]
[Result "1-0"]
[WhiteElo "2233"]
[BlackElo "2455"]
[PlyCount "56"]
[EventDate "1999.??.??"]

1. e4 c6 2. d4 d5 3. Nc3 dxe4 4. Nxe4 Qa5+ 5. Bd2 Qd5 6. Bd3 Qxd4 7. Bc3 Qd5 8.
Nf3 Bg4 9. Qe2 e6 10. O-O Nd7 11. h3 Bxf3 12. Qxf3 Rd8 13. Qg3 e5 14. Rae1 f6
15. b3 b5 16. f4 b4 17. Bc4 Qa5 18. Nd6+ Bxd6 19. Qxg7 Bc5+ 20. Kh2 Rc8 21.
Qxh8 Kd8 22. Ba1 Kc7 23. Bxg8 Bd4 24. Bxd4 exd4 25. Qxh7 Rd8 26. Re7 Qa6 27.
Bc4 Qb7 28. Be6 28... Qc8 {Hossa resigns} 1-0

[Event "ICS rated blitz match"]
[Site "204.178.125.65"]
[Date "1999.08.06"]
[Round "?"]
[White "hamsi"]
[Black "Hossa"]
[Result "0-1"]
[WhiteElo "2309"]
[BlackElo "2430"]
[PlyCount "45"]
[EventDate "1999.??.??"]

1. e4 c6 2. f3 d5 3. d3 e5 4. Be3 f5 5. Nd2 Bd6 6. c4 d4 7. Bf2 Nf6 8. Ne2 fxe4
9. fxe4 O-O 10. a3 Ng4 11. Nf3 Qa5+ 12. b4 Bxb4+ 13. axb4 Qxb4+ 14. Qd2 Nxf2
15. Qxb4 Nxd3+ 16. Kd2 Nxb4 17. Nxe5 c5 18. g3 Re8 19. Nd3 Nxd3 20. Kxd3 Nc6
21. Bg2 Ne5+ 22. Kd2 Nxc4+ 23. Kc2 {hamsi resigns} 0-1

[Event "ICS rated blitz match"]
[Site "204.178.125.65"]
[Date "1999.08.06"]
[Round "?"]
[White "Hossa"]
[Black "PostModernist"]
[Result "0-1"]
[WhiteElo "2441"]
[BlackElo "2549"]
[PlyCount "144"]
[EventDate "1999.??.??"]

1. d4 Nf6 2. c3 d6 3. Bf4 e6 4. e3 Be7 5. Bb5+ Bd7 6. Qb3 Nc6 7. Ba4 O-O 8. Ne2
e5 9. Bg5 exd4 10. cxd4 Na5 11. Qc2 b5 12. Bb3 c5 13. Bxf6 Bxf6 14. dxc5 Rc8
15. O-O Rxc5 16. Qd2 Qc7 17. Nbc3 Nxb3 18. axb3 Bc6 19. Nd4 b4 20. Nce2 a5 21.
Nxc6 Qxc6 22. Rfc1 Ra8 23. Nf4 Rd8 24. Rxc5 dxc5 25. Qc2 Qc7 26. Nd3 Be7 27. e4
Qd6 28. Ne1 Qd2 29. g3 Qxc2 30. Nxc2 Rd2 31. Rc1 Re2 32. h3 Kf8 33. f3 Bf6 34.
Kf1 Rh2 35. Ne1 Bd4 36. Rc2 Rh1+ 37. Ke2 Rxh3 38. g4 Rh1 39. Nd3 Rh2+ 40. Kd1
Rxc2 41. Kxc2 Ke7 42. f4 f6 43. Kd2 g6 44. g5 Kf7 45. Ke2 fxg5 46. fxg5 a4 47.
Kd2 axb3 48. Kc1 Ke6 49. Kb1 Be3 50. Ka1 Kd6 51. Kb1 Bd2 52. e5+ Kd5 53. e6
Bxg5 54. Nf4+ Ke4 55. Nh3 Be7 56. Nf2+ Ke5 57. Ng4+ Kxe6 58. Ne3 h5 59. Nf1 h4
60. Nh2 h3 61. Ng4 c4 62. Nh2 c3 63. bxc3 bxc3 64. Kc1 Ba3+ 65. Kd1 c2+ 66. Ke2
c1=Q 67. Ng4 Qc2+ 68. Ke3 Bc1+ 69. Kd4 b2 70. Nh2 b1=Q 71. Ng4 Qd3+ 72. Kc5
72... Qd5# {Hossa checkmated} 0-1

[Event "ICS rated blitz match"]
[Site "204.178.125.65"]
[Date "1999.08.06"]
[Round "?"]
[White "libertad"]
[Black "Hossa"]
[Result "0-1"]
[WhiteElo "2276"]
[BlackElo "2450"]
[PlyCount "70"]
[EventDate "1999.??.??"]

1. e4 c6 2. d4 d5 3. Nc3 dxe4 4. Nxe4 Qa5+ 5. Bd2 Qd5 6. Nc3 Qxd4 7. Nf3 Qb4 8.
Bd3 Qxb2 9. O-O Nf6 10. Rb1 Qa3 11. Bc4 Qc5 12. Qe2 b5 13. Bb3 Bf5 14. Rfe1
Nbd7 15. a4 b4 16. Nd1 Nd5 17. Ne3 Be4 18. Ng5 Bg6 19. Nxd5 cxd5 20. Be3 Qa5
21. Qf3 Nf6 22. Rbd1 e6 23. Bd4 Bh5 24. g4 Bxg4 25. Qf4 Bxd1 26. Bxf6 Bh5 27.
Be5 Rc8 28. Bd6 Rc6 29. Nxe6 fxe6 30. Rxe6+ Kd7 31. Bxf8 Rxe6 32. Bxg7 Rg8 33.
Qd4 Rg6+ 34. Kf1 R8xg7 35. Bxd5 35... Rg1# {libertad checkmated} 0-1

[Event "ICS rated blitz match"]
[Site "204.178.125.65"]
[Date "1999.08.06"]
[Round "?"]
[White "Hossa"]
[Black "libertad"]
[Result "0-1"]
[WhiteElo "2459"]
[BlackElo "2267"]
[PlyCount "158"]
[EventDate "1999.??.??"]

1. d4 d5 2. c4 dxc4 3. e4 e5 4. dxe5 Qxd1+ 5. Kxd1 Nc6 6. f4 Bg4+ 7. Kc2 Nb4+
8. Kc3 Bd1 9. Na3 Nc6 10. Nb5 O-O-O 11. Be3 Kb8 12. Nd4 Ba4 13. Ngf3 Nxd4 14.
Nxd4 c5 15. Nf3 b5 16. Ng5 Nh6 17. b3 b4+ 18. Kxc4 Bd7 19. g3 a6 20. Kd3 f6 21.
Nf3 Ng4 22. Bg1 Bc6+ 23. Ke2 Bxe4 24. h3 Nh6 25. Re1 c4 26. bxc4 Rd3 27. Be3
Nf5 28. Kf2 Rxe3 29. Rxe3 Bc5 30. g4 Nxe3 31. Kg3 fxe5 32. Be2 exf4+ 33. Kxf4
Bxf3 34. Kxf3 Rf8+ 35. Ke4 Re8+ 36. Kf3 Nc2 37. Bd1 Re3+ 38. Kg2 Nd4 39. Rf1
Rd3 40. Kh1 Rd2 41. Bb3 Nxb3 42. axb3 Rd3 43. Rf5 Bd4 44. Rd5 Kc7 45. Kg2 h6
46. h4 Rd2+ 47. Kf3 Bc3 48. Rxd2 Bxd2 49. Ke4 Bc3 50. h5 Bf6 51. Kd5 Kb6 52.
Kd6 Kb7 53. c5 Kc8 54. Kc6 Bc3 55. Kb6 Bd4 56. Kxa6 Bxc5 57. Kb5 Be7 58. Kc6
Bf6 59. Kc5 Bc3 60. Kd6 Kd8 61. Ke6 Ke8 62. Kf5 Kf7 63. g5 hxg5 64. Kxg5 Ke6
65. Kg6 Kd5 66. Kf7 Ke4 67. Ke6 Kd3 68. Kf5 Kc2 69. Kg4 Kxb3 70. Kf3 Kc2 71.
Ke4 b3 72. Ke3 b2 73. Ke4 b1=Q 74. Kf5 Qe1 75. h6 gxh6 76. Kg4 Qf2 77. Kh3 Qg1
78. Kh4 Bf6+ 79. Kh5 79... Qg5# {Hossa checkmated} 0-1

[Event "ICS rated blitz match"]
[Site "204.178.125.65"]
[Date "1999.08.06"]
[Round "?"]
[White "Fallen-Star"]
[Black "Hossa"]
[Result "0-1"]
[WhiteElo "2349"]
[BlackElo "2435"]
[PlyCount "64"]
[EventDate "1999.??.??"]

1. d4 Nf6 2. Nf3 g6 3. Bg5 Ne4 4. Bh4 Bg7 5. e3 d5 6. Nbd2 Bg4 7. Be2 Nxd2 8.
Nxd2 Bxe2 9. Qxe2 O-O 10. O-O Qd7 11. c3 e5 12. dxe5 Bxe5 13. Rfd1 Re8 14. Nf3
Bg7 15. c4 c6 16. cxd5 cxd5 17. Rac1 Na6 18. a3 Rac8 19. b4 Rxc1 20. Rxc1 Qa4
21. Qd3 Bb2 22. Rd1 Qxa3 23. b5 Qxd3 24. Rxd3 Rc8 25. g3 Rc1+ 26. Kg2 Nb4 27.
Rb3 Bc3 28. Bg5 Rc2 29. Nd4 Bxd4 30. exd4 Rc4 31. Bf6 Nc2 32. Rd3 32... Ne1+ {
Fallen-Star resigns} 0-1

[Event "ICS rated blitz match"]
[Site "204.178.125.65"]
[Date "1999.08.06"]
[Round "?"]
[White "SuperChicken"]
[Black "Hossa"]
[Result "1-0"]
[WhiteElo "2725"]
[BlackElo "2458"]
[PlyCount "111"]
[EventDate "1999.??.??"]

1. e4 c6 2. d4 d5 3. Nc3 dxe4 4. Nxe4 Qa5+ 5. Nc3 e5 6. Qh5 Bb4 7. Qxe5+ Qxe5+
8. dxe5 Bxc3+ 9. bxc3 Be6 10. Be2 Nd7 11. Nf3 Ne7 12. O-O Bd5 13. Re1 O-O-O 14.
c4 Bxf3 15. Bxf3 Ng6 16. Bb2 Rhe8 17. Bg4 Kc7 18. e6 fxe6 19. Bxg7 e5 20. f3
Nb6 21. Re4 Nd7 22. Re3 Nb6 23. c5 Nd5 24. Rb3 Rg8 25. Rab1 Rb8 26. Bh6 Ngf4
27. Re1 Rg6 28. Bxf4 exf4 29. Re4 Rg7 30. c4 Ne3 31. Rxf4 Nxg4 32. Rxg4 Rxg4
33. fxg4 Re8 34. Kf2 Rd8 35. Ke2 Rd4 36. Rh3 Rd7 37. Re3 Rg7 38. Re4 Rf7 39. g5
Rd7 40. h4 Kd8 41. h5 Rg7 42. Re5 Re7 43. Rxe7 Kxe7 44. Ke3 Ke6 45. Ke4 a6 46.
h6 Kf7 47. Kf5 a5 48. a4 Ke7 49. g6 hxg6+ 50. Kxg6 Ke8 51. h7 Ke7 52. h8=Q Kd7
53. Qb8 b6 54. Qd6+ Kc8 55. cxb6 c5 56. Qc7# {Hossa checkmated} 1-0

[Event "ICS rated blitz match"]
[Site "204.178.125.65"]
[Date "1999.08.06"]
[Round "?"]
[White "Hossa"]
[Black "Icebar"]
[Result "1/2-1/2"]
[WhiteElo "2452"]
[BlackElo "2044"]
[PlyCount "73"]
[EventDate "1999.??.??"]

1. d4 Nf6 2. c4 e6 3. Nc3 Bb4 4. Bg5 d5 5. cxd5 exd5 6. e3 Nbd7 7. Bd3 O-O 8.
Nge2 c6 9. O-O Re8 10. Rc1 Bd6 11. Bf5 Nf8 12. Bxc8 Rxc8 13. Qb3 Rb8 14. f3 h6
15. Bh4 Rxe3 16. Bxf6 Qxf6 17. Rce1 Ng6 18. Qa4 a6 19. Nd1 Re7 20. Nf2 Rbe8 21.
Qd1 Bb4 22. Nc3 Nf4 23. Ng4 Qg5 24. Rxe7 Rxe7 25. g3 Ng6 26. Re1 Rxe1+ 27. Qxe1
h5 28. Nf2 h4 29. Nd3 Bxc3 30. bxc3 hxg3 31. hxg3 Qf5 32. Qe8+ Kh7 33. Qe3 Kg8
34. Qe8+ Kh7 35. Qe3 Kg8 36. Qe8+ Kh7 37. Qe3 {Game drawn by repetition}
1/2-1/2

[Event "ICS rated blitz match"]
[Site "204.178.125.65"]
[Date "1999.08.06"]
[Round "?"]
[White "Hossa"]
[Black "libertad"]
[Result "1-0"]
[WhiteElo "2449"]
[BlackElo "2291"]
[PlyCount "59"]
[EventDate "1999.??.??"]

1. d4 d5 2. c4 c6 3. Nc3 Nf6 4. cxd5 cxd5 5. f3 Nc6 6. e4 dxe4 7. d5 Ne5 8.
fxe4 e6 9. Bf4 Bd6 10. Bb5+ Bd7 11. Bxd7+ Qxd7 12. Nge2 exd5 13. exd5 O-O 14.
Qd4 Rfe8 15. O-O Rac8 16. Kh1 Bc5 17. Qd1 Neg4 18. Bg5 Nf2+ 19. Rxf2 Bxf2 20.
Bxf6 gxf6 21. Qf1 Be3 22. Qxf6 Qe7 23. Qf5 Qe5 24. Qf3 Bd4 25. Qg4+ Kh8 26.
Qxd4 Qxd4 27. Nxd4 Rcd8 28. Rc1 Re4 29. Nxe4 Rxd5 30. Rc8+ {libertad resigns}
1-0

[Event "ICS rated blitz match"]
[Site "204.178.125.65"]
[Date "1999.08.06"]
[Round "?"]
[White "Njall"]
[Black "Hossa"]
[Result "1-0"]
[WhiteElo "2288"]
[BlackElo "2467"]
[PlyCount "94"]
[EventDate "1999.??.??"]

1. d4 Nf6 2. c4 c5 3. d5 e6 4. Nc3 d6 5. e4 Qe7 6. Bd3 Nbd7 7. Nge2 Ne5 8. f3
Qd8 9. O-O Be7 10. b3 Nfd7 11. Bb2 Nxd3 12. Qxd3 O-O 13. Rad1 e5 14. Bc1 f5 15.
exf5 Qe8 16. g4 Nf6 17. Ne4 b6 18. N2g3 Bd7 19. Nxf6+ Bxf6 20. Ne4 Qb8 21. a4
Qc7 22. Bg5 Bd8 23. Kg2 a5 24. h4 Rc8 25. Rh1 Rf7 26. Bxd8 Rxd8 27. Ng5 Rf6 28.
Ne6 Bxe6 29. dxe6 Rff8 30. Qd5 Kh8 31. Rdf1 Qe7 32. Qe4 Qf6 33. f4 h5 34. fxe5
Qxe5 35. Qxe5 dxe5 36. g5 Rd2+ 37. Kg1 e4 38. Rh2 Rd3 39. f6 gxf6 40. gxf6 Rfd8
41. e7 R3d7 42. exd8=Q+ Rxd8 43. f7 Rf8 44. Rg2 Kh7 45. Rf5 Kh6 46. Rg8 e3 47.
Kf1 47... Rd8 {Hossa resigns} 1-0

[Event "ICS rated blitz match"]
[Site "204.178.125.65"]
[Date "1999.08.06"]
[Round "?"]
[White "Njall"]
[Black "Hossa"]
[Result "0-1"]
[WhiteElo "2302"]
[BlackElo "2453"]
[PlyCount "85"]
[EventDate "1999.??.??"]

1. d4 Nf6 2. c4 c5 3. d5 e6 4. Nc3 d6 5. e4 Qe7 6. Bd3 Nbd7 7. Nge2 Ne5 8. f3
Qd8 9. O-O Be7 10. b3 Nfd7 11. Bb2 Nxd3 12. Qxd3 O-O 13. Ng3 Nb6 14. Rad1 e5
15. Bc1 Bh4 16. Nf5 Bxf5 17. exf5 Qe7 18. Ne4 Rae8 19. g3 Bf6 20. g4 h6 21. Kg2
Bh4 22. Rh1 f6 23. Be3 Bg5 24. Bxg5 fxg5 25. h3 Rf7 26. Rh2 Ref8 27. Rf1 a6 28.
Qd2 Nd7 29. h4 gxh4 30. Rh3 b5 31. Rfh1 bxc4 32. bxc4 Rb8 33. Rxh4 Rb4 34. Rc1
Qxh4 35. Nxd6 Rf8 36. Ne4 Rfb8 37. Rc2 Rb1 38. Ng3 Rg1+ 39. Kxg1 Qxg3+ 40. Kf1
Qxf3+ 41. Ke1 Rb1+ 42. Rc1 Qh1+ 43. Ke2 {Njall resigns} 0-1

[Event "ICS rated blitz match"]
[Site "204.178.125.65"]
[Date "1999.08.06"]
[Round "?"]
[White "Hossa"]
[Black "Njall"]
[Result "1-0"]
[WhiteElo "2462"]
[BlackElo "2293"]
[PlyCount "71"]
[EventDate "1999.??.??"]

1. e4 c6 2. d4 d5 3. Nc3 dxe4 4. Nxe4 Bf5 5. Ng3 Bg6 6. Nf3 Nd7 7. Be2 Ngf6 8.
O-O Qc7 9. Nh4 e6 10. Nxg6 hxg6 11. c4 O-O-O 12. a4 Bd6 13. a5 a6 14. Be3 e5
15. dxe5 Nxe5 16. Bb6 Qe7 17. Bxd8 Rxd8 18. Qb3 Nfd7 19. Rad1 Bc7 20. f4 Nc5
21. Qe3 Rxd1 22. Rxd1 Bxa5 23. Qxe5 Qxe5 24. fxe5 Bc7 25. Bg4+ Kb8 26. b4 Nb3
27. Rd7 Bxe5 28. Rxf7 Nd2 29. Be2 Nb1 30. Ne4 Bd4+ 31. Kf1 Nc3 32. Nd6 b5 33.
cxb5 axb5 34. Rb7+ Ka8 35. Bf3 Nd5 36. Rd7 {Njall resigns} 1-0